Guess The BLACKPINK Song - Statistics

General Stats
  • This quiz has been taken 582 times
  • The average score is 22 of 31
Answer Stats
Hint Answer % Correct
Been a bad girl, I know I am/
And I'm so hot, I need a fan/
I don't want a boy, I need a man
Boombayah
94%
Look so good, yeah, look so sweet Ice Cream
86%
Now look at you, now look at me,
look at you, now look at me
How You Like That
85%
My love is on fire (ooh)/
Now burn, baby, burn
Playing With Fire
85%
Just say yeah, yeah, yeah Yeah Yeah Yeah
85%
Make 'em ____ like a missile bomb, bomb/
Every time I show up, blow up, uh
Whistle
83%
I don't know what to do without you, yeah Don't Know What To Do
81%
It's black,
and it's pink once the sun down
Shut Down
81%
See you later boy, see you later/
Would have, could have, should have, didn't
See U Later
79%
Didn't wanna be a princess,
I'm priceless
Lovesick Girls
78%
Kick in the door,
Waving the Coco'
Pink Venom
76%
But tonight, I'll be the ____ in the world The Happiest Girl
76%
I could die in this moment Forever Young
74%
I say "f*ck it" when I feel it Tally
71%
If you really, really love me, malhaejwo Really
70%
You wanna touch, wanna touch?
Of course, you wanna
Bet You Wanna
69%
Touch me like you touch nobody Kiss and Make Up
69%
Yeah, we some b*tches you can't manage Pretty Savage
68%
What you gonna do/
When I come, come through with that, that, uh, uh-huh
DDU-DU DDU-DU
67%
Tell me when you're ready
'cause I'm already ready
Ready For Love
67%
But you'll never know unless you walk in my shoes You Never Know
65%
But you plus me/
Sadly can be dangerous
Kill This Love
63%
You ain't worth my love/
If you only _______
Love To Hate Me
63%
I be the Bonnie and you be my Clyde/
We ride or die, X's and O's
As If It's Your Last
61%
'Cause I'm that girl that drive you crazy,
but you can't leave me alone
Typa Girl
61%
It goes a little something like/
La-la-la-la-la-la, la-la-la-la-la-la, la-la-la-la-la-la
Stay
57%
I had to play it real real smooth/
And once I finally made my move
Crazy Over You
56%
No, you can't tell me not to ______
'cause I'm 'bout to _____
Kick It
54%
I'm super psycho,
make you crazy when I turn the lights low
Sour Candy
52%
When it feels too good, I just f*ck it up Hard To Love
45%
For you nan apado joh-a/
hamkkehaneun dong-an neoege
sangcheoman namgyeojun nanikka
Hope Not
34%
No matching quizzes found
Score Distribution
Percent of People with Each Score
Percentile by Number Answered
Your Score History
You have not taken this quiz